[Event "Morava-ch"]
[Site "Orlova"]
[Date "2023.10.28"]
[Round "8"]
[White "Barteckova, Valerie"]
[Black "Dejmek, Tomas"]
[Result "1-0"]
[WhiteElo "1498"]
[BlackElo "1516"]
[PlyCount "106"]
[EventDate "2023.10.24"]
[EventType "swiss"]
[EventRounds "9"]
[EventCountry "CZE"]
[SourceTitle "Mega2024 Update 01"]
[Source "Chessbase"]
[SourceDate "2023.11.12"]
[SourceVersion "1"]
[SourceVersionDate "2023.11.12"]
[SourceQuality "1"]

1. d4 d5 2. Bf4 Bf5 3. Nf3 Nf6 4. c4 c6 5. e3 e6 6. Nc3 Nbd7 7. Qb3 Qb6 8. c5 Qxb3 9. axb3 a6 10. h3 Be7 11. Be2 0-0 12. 0-0 Rfe8 13. b4 Nf8 14. Nd2 Ng6 15. Bh2 h5 16. Nb3 Rad8 17. Na5 Rd7 18. Na4 Bd8 19. Rfe1 e5 20. Nc3 Rde7 21. dxe5 Nxe5 22. Bxe5 Rxe5 23. Nxb7 Bc8 24. Nd6 Bc7 25. Nxe8 Rxe8 26. Bxa6 d4 27. Nd1 d3 28. Bxd3 Nd5 29. Ra8 Rd8 30. Nc3 Nxb4 31. Rd1 Nxd3 32. Rxd3 Rxd3 33. Rxc8+ Bd8 34. Rxc6 Bf6 35. Rd6 Rxd6 36. cxd6 Kf8 37. f4 Ke8 38. e4 Bd4+ 39. Kf1 Kd7 40. Ke2 Bb6 41. e5 f6 42. Kd3 Ke6 43. Ke4 g5 44. f5+ Kd7 45. Nd5 Bd8 46. Nxf6+ Bxf6 47. exf6 Kxd6 48. b4 Kc6 49. f7 Kb5 50. f8Q g4 51. Qc5+ Ka4 52. b5 g3 53. b6 Kb3 1-0

[Event "Ricany op"]
[Site "Ricany"]
[Date "2023.08.28"]
[Round "4"]
[White "Dejmek, Tomas"]
[Black "Pechanek, Krystof Jan"]
[Result "1-0"]
[WhiteElo "1626"]
[BlackElo "1493"]
[PlyCount "69"]
[EventDate "2023.08.26"]
[EventType "swiss"]
[EventRounds "9"]
[EventCountry "CZE"]
[SourceTitle "EXT 2024"]
[Source "ChessBase"]
[SourceDate "2023.10.10"]
[SourceVersion "1"]
[SourceVersionDate "2023.10.10"]
[SourceQuality "1"]

1. d4 Nf6 2. c4 g6 3. Nc3 Bg7 4. e4 d6 5. Bd3 0-0 6. f4 c5 7. d5 a6 8. Nf3 Bg4 9. 0-0 Nbd7 10. Bd2 Rb8 11. h3 Bxf3 12. Qxf3 Ne8 13. Rab1 Nc7 14. Qe2 Bd4+ 15. Kh1 Qe8 16. g4 Nf6 17. f5 b5 18. Bh6 b4 19. Nd1 Qd7 20. Bxf8 Rxf8 21. Ne3 Kg7 22. Qf3 Qa4 23. h4 Qxa2 24. h5 Qb3 25. fxg6 hxg6 26. hxg6 Rh8+ 27. Kg2 Bxe3 28. Qxe3 Nxg4 29. Rxf7+ Kg8 30. Qf4 Ne5 31. Rf8+ Kg7 32. Rxh8 Qxd3 33. Qf8+ Kxg6 34. Rg8+ Kh5 35. Rh1+ 1-0

[Event "Ceske Budejovice op-A"]
[Site "Ceske Budejovice"]
[Date "2023.07.08"]
[Round "8"]
[White "Stastna, Martina"]
[Black "Dejmek, Tomas"]
[Result "1-0"]
[WhiteElo "1858"]
[BlackElo "1548"]
[PlyCount "75"]
[EventDate "2023.07.01"]
[EventType "swiss"]
[EventRounds "9"]
[EventCountry "CZE"]
[SourceTitle "CBM 215 Extra"]
[Source "ChessBase"]
[SourceDate "2023.09.30"]
[SourceVersion "1"]
[SourceVersionDate "2023.09.30"]
[SourceQuality "1"]

1. e4 e6 2. d4 d5 3. Nd2 dxe4 4. Nxe4 Nf6 5. Bd3 Nbd7 6. c3 Be7 7. Nf3 0-0 8. h3 b6 9. Qc2 Bb7 10. Bg5 Bxe4 11. Bxe4 Nxe4 12. Bxe7 Qxe7 13. Qxe4 c5 14. 0-0-0 Nf6 15. Qh4 Rac8 16. Ne5 Rfd8 17. Rd3 Qc7 18. Rg3 Nd5 19. Nf3 Ne7 20. Ng5 h6 21. Nxe6 fxe6 22. Qxh6 Nf5 23. Qxe6+ Qf7 24. Qxf7+ Kxf7 25. Rf3 Kg6 26. dxc5 Rxc5 27. Re1 Rcd5 28. Re6+ Kf7 29. Re2 Kg8 30. Kc2 Rc8 31. Kb3 Rb5+ 32. Ka3 a6 33. b3 g6 34. Re6 Kf7 35. Re4 Kg7 36. Rd3 Rc7 37. b4 a5 38. Ka4 1-0

[Event "Ceske Budejovice op-A"]
[Site "Ceske Budejovice"]
[Date "2023.07.06"]
[Round "6"]
[White "Arvind, Ramnath Iyer"]
[Black "Dejmek, Tomas"]
[Result "1/2-1/2"]
[WhiteElo "1923"]
[BlackElo "1548"]
[PlyCount "29"]
[EventDate "2023.07.01"]
[EventType "swiss"]
[EventRounds "9"]
[EventCountry "CZE"]
[SourceTitle "CBM 215 Extra"]
[Source "ChessBase"]
[SourceDate "2023.09.30"]
[SourceVersion "1"]
[SourceVersionDate "2023.09.30"]
[SourceQuality "1"]

1. e4 e5 2. Nc3 Nf6 3. f4 d5 4. fxe5 Nxe4 5. Qf3 Nxc3 6. bxc3 Be7 7. d4 0-0 8. Bd3 f6 9. Qh5 g6 10. Bxg6 hxg6 11. Qxg6+ Kh8 12. Qh6+ Kg8 13. Qg6+ Kh8 14. Qh5+ Kg8 15. Qg6+ 1/2-1/2

[Event "Ceske Budejovice op-A"]
[Site "Ceske Budejovice"]
[Date "2023.07.04"]
[Round "4"]
[White "Nagyova, Daniela"]
[Black "Dejmek, Tomas"]
[Result "1-0"]
[WhiteElo "1836"]
[BlackElo "1548"]
[PlyCount "123"]
[EventDate "2023.07.01"]
[EventType "swiss"]
[EventRounds "9"]
[EventCountry "CZE"]
[SourceTitle "CBM 215 Extra"]
[Source "ChessBase"]
[SourceDate "2023.09.30"]
[SourceVersion "1"]
[SourceVersionDate "2023.09.30"]
[SourceQuality "1"]

1. e4 e5 2. Nf3 Nc6 3. Bc4 Bc5 4. b4 Bxb4 5. c3 Be7 6. d4 exd4 7. Qb3 Na5 8. Bxf7+ Kf8 9. Qa4 Kxf7 10. Qxa5 d6 11. cxd4 c6 12. Qc3 Nf6 13. Qb3+ d5 14. Ne5+ Kf8 15. Nd2 Qb6 16. Qd3 dxe4 17. Nxe4 Bf5 18. f3 Rd8 19. Be3 Qb4+ 20. Kf1 Bxe4 21. fxe4 Qb5 22. Nc4 Nxe4 23. Rb1 Qf5+ 24. Ke1 Bh4+ 25. Ke2 Ke8 26. Ne5 Bf6 27. Rbf1 Qe6 28. Qxe4 Qxa2+ 29. Bd2 Qe6 30. Rf3 c5 31. Qxb7 cxd4 32. Qc6+ Qxc6 33. Nxc6 d3+ 34. Kf2 Rd7 35. Re1+ Be7 36. Rfe3 Rf8+ 37. Kg3 Rf7 38. Rxe7+ Rfxe7 39. Rxe7+ Rxe7 40. Nxe7 Kxe7 41. Kf4 Ke6 42. Ke4 h5 43. h4 g6 44. g3 Kf6 45. Kxd3 Kf5 46. Kc4 Kg4 47. Bf4 Kf5 48. Kb5 Ke6 49. Ka6 Kd7 50. Kxa7 Kc6 51. Kb8 Kd7 52. Kb7 Ke7 53. Kc7 Ke6 54. Kd8 Kf7 55. Kd7 Kf6 56. Ke8 Ke6 57. Kf8 Kf6 58. Kg8 g5 59. hxg5+ Kg6 60. Kf8 Kh7 61. Kf7 h4 62. g6+ 1-0

[Event "Ceske Budejovice op-B"]
[Site "Ceske Budejovice"]
[Date "2022.07.09"]
[Round "9"]
[White "Kirchner, Michal"]
[Black "Dejmek, Tomas"]
[Result "1/2-1/2"]
[WhiteElo "1581"]
[BlackElo "1399"]
[PlyCount "113"]
[EventDate "2022.07.01"]
[EventType "swiss"]
[EventRounds "9"]
[EventCountry "CZE"]
[SourceTitle "EXT 2023"]
[Source "ChessBase"]
[SourceDate "2022.10.05"]
[SourceVersion "1"]
[SourceVersionDate "2022.10.05"]
[SourceQuality "1"]

1. d4 d5 2. Nf3 Nf6 3. Bf4 Bf5 4. e3 e6 5. Bd3 Bxd3 6. Qxd3 c5 7. c4 cxd4 8. cxd5 dxe3 9. Bxe3 Qxd5 10. Qxd5 Nxd5 11. Bd4 Bb4+ 12. Nbd2 0-0 13. 0-0 Nc6 14. Nb3 Nxd4 15. Nbxd4 Rac8 16. a3 Be7 17. Rac1 Bf6 18. b3 Nf4 19. g3 e5 20. gxf4 exd4 21. Nd2 h6 22. Rc4 Rxc4 23. Nxc4 Rd8 24. Rd1 b6 25. Rd3 Kh7 26. Kg2 Kg6 27. Kf3 Kf5 28. a4 g5 29. fxg5 hxg5 30. h3 Rh8 31. Ke2 g4 32. hxg4+ Kxg4 33. Nd6 Rh7 34. Nb5 Rh3 35. f3+ Kf4 36. Nxd4 Rh2+ 37. Kd1 Bxd4 38. Rxd4+ Kxf3 39. Rd7 f5 40. Rxa7 f4 41. Rb7 Kg2 42. Rxb6 f3 43. Rg6+ Kh1 44. Rf6 f2 45. Ke2 Kg1 46. Rxf2 Rxf2+ 47. Kd3 Ra2 48. Kc4 Kf2 49. Kb5 Ke3 50. a5 Ra3 51. b4 Kd4 52. a6 Kc3 53. Kb6 Kxb4 54. a7 Ra5 55. Kb7 Rb5+ 56. Ka6 Ra5+ 57. Kb7 1/2-1/2

[Event "Ceske Budejovice op-B"]
[Site "Ceske Budejovice"]
[Date "2022.07.07"]
[Round "7"]
[White "Benci, Rudolf"]
[Black "Dejmek, Tomas"]
[Result "1-0"]
[WhiteElo "1585"]
[BlackElo "1399"]
[PlyCount "137"]
[EventDate "2022.07.01"]
[EventType "swiss"]
[EventRounds "9"]
[EventCountry "CZE"]
[SourceTitle "EXT 2023"]
[Source "ChessBase"]
[SourceDate "2022.10.05"]
[SourceVersion "1"]
[SourceVersionDate "2022.10.05"]
[SourceQuality "1"]

1. e4 e5 2. Nf3 Nc6 3. Bc4 Bc5 4. c3 Nf6 5. d3 d6 6. 0-0 Bg4 7. Nbd2 0-0 8. b4 Bb6 9. Re1 Qe7 10. a4 a6 11. Nf1 Rfe8 12. Ng3 Qd7 13. Be3 Bxe3 14. Rxe3 d5 15. Bb3 d4 16. cxd4 Nxd4 17. Bc4 Nxf3+ 18. gxf3 Be6 19. Qb3 c6 20. a5 Qd4 21. Rd1 Rad8 22. Bxe6 Rxe6 23. Nf5 Qa7 24. Qc3 g6 25. Ng3 Nh5 26. Nxh5 gxh5 27. Kh1 Qd4 28. Qxd4 Rxd4 29. Rb1 Red6 30. Rb3 Kg7 31. Kg2 Kg6 32. Kg3 Kg5 33. h4+ Kg6 34. f4 f6 35. fxe5 fxe5 36. f4 Kf6 37. f5 Rd7 38. Kf2 Rg7 39. Rg3 Rg4 40. Rh3 Kf7 41. Rh1 Ke7 42. Rg1 Kf6 43. Rxg4 hxg4 44. Kg3 h5 45. Kf2 Ke7 46. Ke3 Kd6 47. Rb1 Kc7 48. Kd2 b6 49. axb6+ Kxb6 50. f6 Rd7 51. Rf1 Rf7 52. Rf5 g3 53. Ke3 Kb5 54. Rxe5+ Kxb4 55. Rf5 a5 56. e5 g2 57. Rg5 g1Q+ 58. Rxg1 a4 59. Rg7 Rf8 60. Ra7 Kc5 61. Ke4 Rg8 62. f7 Rf8 63. d4+ Kb6 64. Rxa4 Rxf7 65. e6 Re7 66. Ke5 Kb5 67. Ra1 c5 68. Rb1+ Kc6 69. Rc1 1-0

[Event "Ceske Budejovice op-B"]
[Site "Ceske Budejovice"]
[Date "2022.07.05"]
[Round "5"]
[White "Weiss, Petr"]
[Black "Dejmek, Tomas"]
[Result "1/2-1/2"]
[WhiteElo "1492"]
[BlackElo "1399"]
[PlyCount "126"]
[EventDate "2022.07.01"]
[EventType "swiss"]
[EventRounds "9"]
[EventCountry "CZE"]
[SourceTitle "EXT 2023"]
[Source "ChessBase"]
[SourceDate "2022.10.05"]
[SourceVersion "1"]
[SourceVersionDate "2022.10.05"]
[SourceQuality "1"]

1. e4 e5 2. f4 exf4 3. Nf3 g5 4. h3 d6 5. d4 Bg7 6. Bc4 Nc6 7. c3 h6 8. b4 Nf6 9. Nbd2 0-0 10. Bd3 Re8 11. 0-0 b6 12. Bb5 Bd7 13. Re1 Qe7 14. Bd3 Qf8 15. Bb2 Re7 16. a3 a5 17. b5 Nd8 18. a4 Nb7 19. c4 Rae8 20. Ba3 Bc8 21. Qc2 Nh5 22. Nf1 f5 23. exf5 Rxe1 24. Rxe1 Rxe1 25. Nxe1 Bxd4+ 26. Kh2 Nc5 27. Bxc5 Bxc5 28. Nf3 Qf6 29. g4 fxg3+ 30. Nxg3 Nxg3 31. Kxg3 Bb4 32. Qe2 Bxf5 33. Be4 Bxe4 34. Qxe4 Qf4+ 35. Qxf4 gxf4+ 36. Kxf4 Kf7 37. Kf5 Ba3 38. Nd4 Ke7 39. Kg6 Bc1 40. h4 Kd7 41. h5 d5 42. cxd5 Kd6 43. Nf5+ Kxd5 44. Nxh6 Kc4 45. Nf7 Kb4 46. Ng5 Kxa4 47. h6 Kb3 48. h7 Bb2 49. Ne6 Bh8 50. Kf7 a4 51. Kg8 Bc3 52. Ng7 a3 53. h8Q a2 54. Qh3 a1Q 55. Ne6 Qa8+ 56. Kf7 Qd5 57. Ke7 Qd6+ 58. Ke8 Ka4 59. Qf5 Bb4 60. Qf7 Kxb5 61. Nxc7+ Ka5 62. Qd5+ Qxd5 63. Nxd5 b5 1/2-1/2